Estrategias nacionales de biodiversidad en América del Sur (Registro nro. 4909)
[ vista simple ]
| 000 -CABECERA | |
|---|---|
| Campo de control | 00494nam a2200169 a 4500 |
| 005 - FECHA Y HORA DE LA ULTIMA TRANSACCION | |
| Campo de control | 20140317165639.0 |
| 008 - ELEMENTOS DE LONGITUD FIJA—INFORMACION GENERAL | |
| Campo de control | 140317b2004 bl ||||| |||| 00| 0 spa d |
| 041 ## - IDIOMA | |
| Código de idioma para texto/pista de sonido o título separado | Español |
| 044 ## - PAÍS DE PUBLICACIÓN | |
| País de publicación | Brasil |
| 090 ## - CLASIFICACIÓN LOCAL | |
| Colección | LB |
| Consecutivo | 04332 |
| 110 ## - ASIENTO PRINCIPAL--NOMBRE CORPORATIVO | |
| Nombre corporativo o de jurisdicción como elemento de entrada | Brasil |
| Unidad subordinad | Ministerio del Medio Ambiente |
| 245 ## - MENCION DE TITULO | |
| Título | Estrategias nacionales de biodiversidad en América del Sur |
| Parte restante del título | perspectivas para la cooperación regional |
| 260 ## - PUBLICACION, DISTRIBUCION, ETC. (PIE DE IMPRENTA) | |
| Lugar de publicación, distribución, etc. | Brasilia |
| Nombre del editor, distribuidor, etc. | MMA |
| Fecha de publicación, distribución, etc. | 2004 |
| 300 ## - DESCRIPCION FISICA | |
| Extensión | 285 p. |
| 942 ## - ELEMENTOS ADICIONALES (KOHA) | |
| Tipo de ítem | Impreso |
| Sistema de clasificación | Local |
| 945 ## - PROCESAMIENTO LOCAL | |
| AAAA-MM-DD - Fecha de ingreso o modificacion | 2005-12-02 |
| Withdrawn status | Lost status | Sistema de Clasificación | Damaged status | No para préstamo | Colección | Ubicación Permanente | Ubicación actual | Fecha de adquisición | Fuente de Valor | Total Checkouts | Número topográfico | Inventario / Código de Barras | Date last seen | Ejemplar | Price effective from | Tipo de material | Inventariado | Valor | Public note | Forma de adquisición |
|---|---|---|---|---|---|---|---|---|---|---|---|---|---|---|---|---|---|---|---|---|
| Dewey Decimal Classification | General | Bogotá | Bogotá | 14/08/2014 | Instituto | LB-333.7 M66e | 034433 | 14/08/2014 | Ej. 1 | 14/08/2014 | Libro | Inventariado 2017 | 15000.00 | |||||||
| Dewey Decimal Classification | General | Sala Fabio Quevedo | Sala Fabio Quevedo | 05/12/2005 | Instituto | LB-333.7 M66e | 022514 | 04/12/2012 | Ej.2 | 04/12/2012 | Libro | Inventariado 2017 | 15000.00 | Incluye CD-ROOM 022514 | ||||||
| Local | General | Villa de Leyva | Villa de Leyva | 02/12/2005 | Guerrero, Alicia | LB-04332 | 022487 | 04/12/2012 | Ej. 3 | 04/12/2012 | Libro | |||||||||
| Local | General | Villa de Leyva | Villa de Leyva | 02/12/2005 | Guerrero, Alicia | LB-04332 | 022489 | 04/12/2012 | Ej. 4 | 04/12/2012 | Libro | |||||||||
| Local | General | Villa de Leyva | Villa de Leyva | 05/12/2005 | Guerrero, Alicia | LB-04332 | 022515 | 04/12/2012 | Ej. 5 | 04/12/2012 | Libro |